000 00422nam a2200181Ia 4500
001 22797
005 20260414150854.0
008 260414t2020||||xx |||||||||||||| ||spa||
041 _aESP
082 _a624.151
_bA47
100 _aAlva Hurtado, Jorge E.,
_eAUT
245 0 _aDinámica de suelos
_b
260 _c2020
300 _a226 páginas :
_c29 cm.
650 _a0
654 _aCIC
942 _cLIB
_dJUS
_fJUS
_2ddc
_n
999 _c22797
_d22797